000
00445nam a2200145Ia 4500
008
100122s9999 xx 000 0 und d
082
_b
59340
_a
824
100
_a
भोगले प्रभाकर
245
_a
मालवणी खाजा
260
_b
वसंतश्री प्रकाशन
_c
2001
300
_a
120
630
_a
मालवणी खाजा
730
_a
मालवणी खाजा
942
_c
BOOK
999
_c
434937
_d
434934